[Event "EU-ch 4th"]
[Site "Istanbul"]
[Date "2003.06.08"]
[Round "9"]
[White "Macieja, Bartlomiej"]
[Black "Vaisser, Anatoli"]
[Result "1-0"]
[WhiteElo "2634"]
[BlackElo "2563"]
[Annotator "Macieja,B"]
[PlyCount "65"]
[EventDate "2003.05.30"]
[EventType "swiss"]
[EventRounds "13"]
[EventCountry "TUR"]
[SourceTitle "CBM 096"]
[Source "ChessBase"]
[SourceDate "2003.09.25"]
[SourceVersion "1"]
[SourceVersionDate "2003.09.25"]
[SourceQuality "1"]

1. e4 {Psakhis} e6 2. d4 d5 3. Nc3 Bb4 4. e5 Ne7 5. a3 Bxc3+ 6. bxc3 c5 7. Qg4
O-O {Vaisser's favourite variation.} 8. Bd3 Nbc6 9. Qh5 Ng6 10. Nf3 Qc7 11. Be3
c4 12. Bxg6 fxg6 13. Qg4 Qf7 ({It is quite possible that} 13... Bd7 {[%cal
Gf8f5] (Psakhis) is safer than the move in the game.}) 14. Ng5 ({5 rounds
earlier Ilia Smirin played much less precisely and lost a lot of time after} 
14. Kd2 $2 h6 15. h4 Bd7 16. Ng1 b5 17. Nh3 a5 18. Nf4 Ne7 {As eventually
Vaisser won that game I expected he could try to play the same against me.})
14... Qe8 (14... Qf5 $2 15. Qe2 $1 $16 {Kasparov-Short, Munich 1994}) 15. h4 h6
16. Nh3 {It is easy to compare, that white is much more advanced, than in
Smirin's game.} a5 $6 ({Black tries to organise a counterplay on queen's side,
but he should have been first thought about protecting his king.} 16... Ne7 {
looks more solid.}) (16... b5 {Psakhis} 17. Qe2 (17. Nf4 Ne7 18. Kd2 a5 19. Qh3
Bd7 20. Rab1 Qf7 21. f3 Rab8 22. Ne2 Nc6 $13 {1/2-1/2 Anand,V-Jussupow,A/
Corsica Masters 2002/CBM 92 (53)}) 17... Bd7 18. g4 a5 19. h5 gxh5 20. g5 (20.
Rg1 Ne7 21. gxh5 Kh7 22. Qg4 Nf5 23. Kd2 Qe7 24. Qg6+ Kh8 25. Nf4 Nh4 26. Qg4
Rxf4 $1 27. Bxf4 Rf8 28. Rh1 Nf5 $44 {1/2-1/2 Leko,P-Almasi,Z/Budapest 2003/ 
(52)}) 20... hxg5 21. Nxg5 g6 $132 {0-1 Van den Doel,E-Psakhis,L/Bled Olympiad
2002/CBM 92 (33)}) 17. h5 $1 {It is very important, that white doesn't have to
go 17.Nf4 first and after 18.h5 g5 come back with the knight to h3.} gxh5 ({Now
} 17... g5 {is immediately met with} 18. f4 $16) 18. Qe2 b5 $6 {Psakhis:
'Probably a serious mistake'} ({Black's counter-play on queen's side is
definitely too slow and cannot be seriously taken into consideration.
Vaisser's real idea was to open 7th rank to develope Ra8. Nevertheless the
last chance to organise defence was to sacrifice an exchange: Psakhis: The
future of this variation depends upon the evaluation of position after} 18...
Bd7 {'!?' Psakhis.} 19. Nf4 Rxf4 $1 20. Bxf4 Qf7 21. Be3 Be8 {with some
compensation.}) 19. Nf4 g6 20. Nxh5 $3 $18 ({A very strong novelty, which
finishes a game immediately. Svidler against Bareev (Elista 1997) played} 20.
g4 Ne7 $1 21. Ng2 $1 (21. gxh5 g5 $13) 21... Kh7 22. Qd2 $1 Ng8 $1 {which led
to unnecessary complications.}) 20... gxh5 21. Rxh5 {For a piece white have
only one pawn, but will win the second and in the worst case an exchange in a
good redaction. There is no defence for black.} Ra7 {Psakhis: 'This move looks
very logical - the rook is included in the defence, but White has good
opportunities to develop his attack. From other point of view it is very
difficult to find a satisfactory defence for Black. For example:'} (21... Kf7
22. Bxh6 Rg8 23. Qf3+ Ke7 24. Bg5+ Rxg5 25. Rh7+ $1 Kd8 26. Qf6+ Ne7 27. Qxg5
$18) (21... Qg6 22. Rxh6 Qxg2 (22... Qg7 23. Rh3 $18) 23. Qh5 $18) (21... Rf5
22. Rxh6 Ra7 23. O-O-O $18) (21... Ne7 22. Rxh6 Kg7 23. O-O-O Rh8 24. Rdh1 Rxh6
25. Rxh6 Qf7 26. Rf6 $18) 22. Bxh6 Rff7 $6 ({A little bit longer black would
play after} 22... Ne7 23. Rg5+ Ng6 24. Qh5 Rg7 {though it would not change the
result of the game} 25. O-O-O Rf5 $8 26. Bxg7 Kxg7 (26... Rxg5 27. Qxg5 Kxg7
28. Qf6+ Kg8 29. Rh1 $18) 27. Rh1 Rxg5 28. Qh6+ Kg8 29. Qxg5 $18) 23. Qg4+ Rg7
24. Bxg7 Rxg7 25. Qh4 Qxh5 (25... Qg6 26. Rh8+ Kf7 27. Qf4+ $18) 26. Qxh5 Bd7
27. Kd2 Rh7 28. Qg4+ Rg7 29. Qf3 Rf7 30. Qe3 Rh7 31. g4 Be8 32. Qg5+ Rg7 33.
Qf6 1-0

[Event "Olympiad-32"]
[Site "Yerevan"]
[Date "1996.09.20"]
[Round "5.3"]
[White "Wang, Zili"]
[Black "Bareev, Evgeny"]
[Result "1/2-1/2"]
[WhiteElo "2535"]
[BlackElo "2655"]
[Annotator "Makarichev,S"]
[PlyCount "102"]
[EventDate "1996.09.15"]
[EventType "team-swiss"]
[EventRounds "14"]
[EventCountry "ARM"]
[SourceTitle "CBM 055"]
[Source "ChessBase"]
[SourceDate "1996.12.01"]
[SourceVersion "1"]
[SourceVersionDate "1996.12.01"]
[SourceQuality "1"]
[WhiteTeam "China"]
[BlackTeam "Russia"]
[WhiteTeamCountry "CHN"]
[BlackTeamCountry "RUS"]

1. e4 e6 2. d4 d5 3. Nc3 Bb4 4. e5 Ne7 5. a3 Bxc3+ 6. bxc3 c5 7. h4 Nbc6 8. h5
Qa5 9. Bd2 cxd4 10. cxd4 Qa4 11. Bc3 b6 12. Qd3 $5 (12. h6 gxh6 13. Qd3 a5 $5 (
13... Nf5 14. Qb5 Qxb5 15. Bxb5 Bd7 16. Bxc6 Bxc6 17. g4 $14 {Wegener,
D-Shcmidt,B/BUL/1992/}) 14. Qd2 Nf5 $15 {Short,N-Kortchnoi,V/Wijk aan Zee/1987/
}) 12... h6 13. Nf3 a5 $1 14. Qd2 Ba6 $15 15. Bxa6 Rxa6 16. Qd3 (16. Rh4 Qc4 $1
{xf1/}) (16. Kf1 $6 Kd7 $1 17. Rh4 Rc8 18. Rf4 Ke8 $17 {xc2/}) 16... Qc4 17.
Ke2 Rf8 $5 (17... Qxd3+ $6 18. cxd3 $1 $132) 18. Nd2 Qxd3+ 19. Kxd3 (19. cxd3
f6 20. g4 $140 $2 (20. f4 $4 Nf5 $19 {xd4,g3/}) (20. Nf3 $5 Kd7 $15) 20... fxe5
21. dxe5 d4 $1) 19... f6 20. f4 (20. Nf3 fxe5 21. dxe5 Kd7 $15 (21... Rf4 22.
Rh4 $13)) 20... fxe5 21. fxe5 Rf4 $1 22. Ke3 (22. Raf1 $2 Rg4 23. Rf2 Nf5 $17)
22... Rg4 $1 23. Kf3 $8 Rxd4 $1 $40 24. Bxd4 Nxd4+ 25. Kf2 Nxc2 26. Ra2 {xa3/}
Nd4 27. Nf3 Nb3 28. g4 $1 (28. Rb1 a4 29. Nd2 Nc5 $1 $17 {xe5/}) 28... b5 (
28... Kd7 $6 29. Rb1 Nc5 $6 (29... a4 $13) 30. Ke3 $14) 29. Rb1 a4 30. Nd2 Nd4
$1 31. Nf3 Nb3 32. Nd2 Nd4 33. Nf3 Nxf3 (33... Nb3 $10) 34. Kxf3 Nc6 35. Kf4 (
35. Rxb5 $4 Nd4+) 35... Rb6 36. Rg2 (36. Rab2 $5 Nd4 (36... b4 $6 37. axb4 a3
38. Ra2 (38. Rb3 $2 a2 39. Ra1 Rxb4+ $1 40. Rxb4 Nxb4 41. Kf3 Kd7 42. Ke2 d4
43. Kd2 Kc6 $19) 38... Nxb4 39. Rb3 $1 $14 (39. Rxa3 $2 Nd3+ $17)) 37. Rb4 Nb3
$13 (37... Ne2+ 38. Ke3 Nc3 39. Rg1 $132 (39. Rc1 $2 Na2))) 36... Rb7 37. g5
hxg5+ 38. Rxg5 b4 $1 $15 39. Rg6 Rf7+ $1 (39... Kf7 $4 40. Rbg1) 40. Ke3 Kd7
41. axb4 Nxe5 42. Rg5 Kd6 43. Rbg1 $1 Rf3+ 44. Ke2 Rh3 45. R1g3 Rh2+ 46. Rg2
Rh4 47. Rxg7 Rxh5 48. Ra7 $10 Nc4 49. Rxa4 Re5+ 50. Kf2 Rf5+ 51. Ke2 Re5+
1/2-1/2

[Event "EU-chT (Men) 19th"]
[Site "Warsaw"]
[Date "2013.11.09"]
[Round "2.7"]
[White "Naiditsch, Arkadij"]
[Black "Socko, Bartosz"]
[Result "1-0"]
[WhiteElo "2727"]
[BlackElo "2661"]
[Annotator "Marin,M"]
[PlyCount "75"]
[EventDate "2013.11.08"]
[EventType "team-swiss"]
[EventRounds "9"]
[EventCountry "POL"]
[SourceTitle "CBM 158"]
[Source "ChessBase"]
[SourceDate "2014.01.16"]
[SourceVersion "1"]
[SourceVersionDate "2014.01.16"]
[SourceQuality "1"]
[WhiteTeam "Germany"]
[BlackTeam "Poland"]
[WhiteTeamCountry "GER"]
[BlackTeamCountry "POL"]

1. e4 e6 2. d4 d5 3. Nc3 Bb4 4. e5 c5 5. a3 Bxc3+ 6. bxc3 Ne7 7. Qg4 Kf8 $5 {
Strategically, a very ambitious move. Black defends the g7-pawn without
exposing his king to an immediate attack or creating any sort of weakness. He
also hopes that the queen's placement on g4 will prove a bit too committal and
that the queenside weaknesses will tell in the long run. Everything is very
logical, but Black will have one big problem with connecting rooks. It is
mostly about a few tempi, but time is important in chess, too. The classic
experts of this variation are Eingorn and Predrag Nikolic. The Socko family
has also taken it up as a home specialty over the past 10 years or so.} 8. a4 (
{Despite the favourable result, Naiditsch' only previous experience with this
line does not seem too encouraging:} 8. Nf3 Qa5 9. Bd2 Qa4 10. Rc1 Nbc6 11. Be2
b6 12. O-O Ba6 13. Bxa6 Qxa6 14. Ng5 h6 15. Qh5 Nd8 {Naiditsch,A (2700)
-Drozdovskij,Y (2603) Odessa 2009 (1-0, 34). White's attack does not seem to
be really going anywhere, while the queenside situation is depressing.}) ({
One older game I remembered when annotating this one went} 8. h4 Qc7 9. Qd1
cxd4 10. cxd4 Qc3+ 11. Bd2 Qxd4 12. Nf3 Qe4+ 13. Be2 b6 14. O-O Ba6 15. c4 {
Kasparov,G (2805)-Nikolic,P (2655) Horgen 1994 CBM 043 [Ftacnik,L] (1-0, 39).
Kasparov knew how to stir up more trouble than his opponent could handle, but
objectively Black should probably not be worried.}) 8... Qc7 9. Qd1 $5 {
White agrees to "lose" two tempi in order to correct his main drawback of
coordination. Indeed, Black will need more than that to get castled
artificially.} cxd4 $146 {Nobody has been curious enough to test the pawn grab
in this specific position so far.} ({Socko was not keen on repeating} 9... b6 {
The simple} 10. Nf3 {is better, using the a4-pawn for other purposes.} ({True,
} 10. a5 {fails to impress:} Ba6 11. Nf3 (11. axb6 $6 axb6 12. Nf3 $2 Be2 $1 {
Mokrinsky,Y-Pichugin,A (2400) Odessa 2003 (0-1, 26)}) 11... Bxf1 12. axb6 Qb7
13. Rxf1 axb6 14. Ba3 Nd7 $11 {Rocha,S (2390)-Kristjansson,S (2431) Bled 2002 
(1-0, 84)}) 10... Ba6 {A bit too straightforward.} ({The more flexible} 10...
h6 {would transpose to Perunovic-Drasko from this same tournament, which I
have annotated as well.}) 11. Bb5 $1 h6 12. O-O Bxb5 $2 ({I do not understand
this concession. Black should have played the same plan as in the game without
the exchange on b5. If White reacts in the same way, things would be quite
different:} 12... Kg8 13. dxc5 bxc5 14. c4 d4 {[%cal Ga6b7]}) 13. axb5 Kg8 14.
dxc5 bxc5 15. c4 Nd7 16. cxd5 exd5 17. Re1 Nf8 18. c4 d4 19. Ra6 Ne6 20. Qd3 g6
21. Bd2 Kg7 22. Rea1 (22. h4 $5 $40) 22... Qb7 23. Nh4 Nc7 24. Rd6 a6 25. bxa6
Nxa6 $2 (25... Rxa6 $16) 26. Rb1 $1 Qc8 27. e6 (27. Qf3 $18) 27... Rd8 28. Rxd8
Qxd8 29. exf7 $18 {1-0 (45) Areshchenko,A (2595)-Socko,B (2583) Warsaw 2005}) (
9... Nbc6 {1-0 (54) Kreiman,B (2493)-Kaidanov,G (2596) Seattle 2002 CBM 087 
[Psakhis,L]}) 10. cxd4 Qc3+ 11. Bd2 Qxd4 12. Nf3 Qe4+ ({Provoking h2-h3 with} 
12... Qg4 13. h3 Qe4+ 14. Be2 {most likely favours White, since he takes the
g4-square away from the black queen.}) 13. Be2 {White has used rather well the
tempi wasted by the greedy black queen. His advance in development is obvious
and although there are no weaknesses in Black's camp, White's compensation is
beyond any doubt.} Nbc6 ({We can feel that a3-a4 is more effective than
Kasparov's h2-h4 since Nikolic' plan does not work out properly anymore:} 13...
b6 $2 14. a5 $1 Ba6 15. axb6 axb6 16. O-O $16 Bxe2 $2 17. Rxa8 Bxd1 18. Rxb8+
Nc8 19. Rxc8+ Ke7 20. Ng5 Qd4 21. Bc3 $18 {[%cal Gc8h8]}) 14. Bc3 Ng6 15. O-O
Nf4 {A very appealing move, taking over the control of the light squares,
which fails to solve Black's problems, though.} (15... Ngxe5 16. Nxe5 Nxe5 17.
Re1 Nc6 (17... Qf4 18. g3 Qf5 19. a5 {[%cal Ga1a4]}) 18. Ra3 {[%cal Gc3b2,
Ga3g3,Gc2c4]}) (15... Nh4 16. Nxh4 Qxh4 17. Bb2 {[%cal Gc2c4,Ga1a3]} Na5 $6 18.
Ba3+ Kg8 19. c4 $16 Nxc4 $2 20. g3 Qg5 21. Bxc4 dxc4 22. f4 $18) ({It makes
some sense to play a neutral move like} 15... Kg8 {keeping both ...Ngxe5 and ..
.Nf4 in reserve.} 16. g3 $1 {Surprisingly, this parries one of the threats and
prepares well against the other.} (16. Re1 Nh4 17. Nxh4 Qxh4 18. Bb2 Na5 19. g3
Qb4 20. Ba3 Qc3 21. Bd3 Bd7 $13) (16. Bb2 {[%cal Gc2c4] This basically loses
some time with respect to the game.} Nf4 17. Bd3 Nxd3 18. cxd3 Qf5 19. a5 h6
$13) 16... Ngxe5 17. Nxe5 Nxe5 18. Re1 f6 (18... Nc6 $2 19. Bd3 $1 $18) 19. Bh5
Qc4 (19... Qf5 20. f4 Nc6 21. Bg4 Qg6 22. f5 $18) 20. Bxe5 fxe5 21. Rxe5 h6 $14
) 16. Bd3 $1 {A crucial move, leaving the black queen in a narrow space on the
kingside.} (16. Re1 Qg6 17. Nh4 Qg5 18. g3 Nxe2+ 19. Qxe2 h6 {looks comfy for
Black.}) 16... Nxd3 17. cxd3 Qf5 18. a5 $1 {Preparing to undermine the enemy
knight, although a5-a6 may not be a threat yet. Actually, I feel that the more
important detail at this stage of the game is that White clears the a4-square
for the rook. Black's position still looks solid, but he cannot complete his
development properly. Remarkably, White does not intend to launch a kingside
attack. He rather sets up pressure on the queenside, where due to his poor
coordination, Black will be a rook down (actually we could also count the
queen!!) Knowing in advance the ulterior course of the game and the lines
below, I would express my serious doubts about the corectness of Black's
novelty. Engines award a neutral +/=, but I would be inclined towards at least
+/-.} a6 $6 {This certainly looks premature, but I am not sure if Black could
avoid it in the long run.} (18... h6 19. Qe2 (19. a6 b6 {looks OK for Black.})
19... Kg8 20. Rfc1 Kh7 (20... a6 21. h3 Kh7 {Black only needs to play ...Rd8
and ...Kg8 to be fine, but he does not get to it so easily:} 22. Bd2 $3 {
[%csl Gf5] threatening to trap the queen with 23.g4 Qg6 24.Nh4.} g5 {Not a
recommendable weakening, but what else?} 23. Rab1 $16) 21. a6 $16 b6 $2 22. Bd2
$3 $18 Bd7 (22... Ne7 23. Nh4 {[%csl Gf5]}) 23. Rxc6 Bxc6 24. Nd4 $18) ({
Apart from weakening the dark squares,} 18... g6 {leaves the queen in trouble
after} 19. Qd2 Kg7 20. Ra4 $1 {[%cal Ga4f4]}) 19. Qb1 {Taking advantage of
Black's over-cautious previous move.} (19. Qe2 $16 {is also possible.}) 19...
h6 20. Nd4 Nxd4 21. Bxd4 {According to all the rules, such an overwhelming
advance in development with opposite coloured bishops should be decisive.} Kg8
22. Rc1 Kh7 23. Rc7 Rd8 24. Bc5 d4 $5 (24... Qxe5 25. Rxf7) 25. Be7 Rd5 (25...
Rd7 26. Rxd7 Bxd7 27. Qxb7 $18) 26. Bd6 {[%cal Gb1c2,Gc7e7,Gc2c7]} f6 27. Re7
fxe5 28. Qb6 Qf8 29. Qc7 b5 (29... Kg6 30. Re1 Rxd6 31. Qxd6 Kf6 32. Rxe5 $3
Qxe7 33. Rf5+ $1 {Nice trick!} Kxf5 34. Qxe7 $18) 30. Rf7 (30. axb6 $18) 30...
Qxf7 (30... Qg8 31. Rf8 $18) 31. Qxf7 Rxd6 32. Rc1 Rd8 33. Rc7 Rg8 34. g4 e4
35. g5 e5 36. Qh5 Kh8 37. gxh6 gxh6+ 38. Kf1 1-0

[Event "USA-ch"]
[Site "Saint Louis"]
[Date "2017.04.06"]
[Round "8"]
[White "Caruana, Fabiano"]
[Black "Naroditsky, Daniel"]
[Result "1-0"]
[WhiteElo "2817"]
[BlackElo "2646"]
[Annotator "Marin,M"]
[PlyCount "57"]
[EventDate "2017.03.29"]
[EventType "tourn"]
[EventRounds "11"]
[EventCountry "USA"]
[EventCategory "18"]
[SourceTitle "CBM 178"]
[Source "ChessBase"]
[SourceDate "2017.05.14"]
[SourceVersion "1"]
[SourceVersionDate "2017.05.14"]
[SourceQuality "1"]

1. e4 e6 2. d4 d5 3. Nc3 Bb4 4. e5 c5 5. a3 Bxc3+ 6. bxc3 Qa5 7. Bd2 Qa4 8. Qg4
Kf8 {For more details about this line please check my article on French trends,
published on this same DVD, written shortly before analysing this new game.} 9.
Nf3 b6 $6 {A rare continuation and as it will turn out not a very inspired one.
The problem is that it does not contribute directly to what Black needs most -
development.} ({In the article I have mainly examined} 9... Ne7 {Motylev,A 
(2660)-Kovalenko,I (2667) Poikovsky 2016 (1-0, 60)}) 10. c4 $146 {Abstractly
the most logical continuation. Given Black's delay in development and the
recent weakening of the long diagonal, he needs to open the centre. One
important detail is that this way he removes the pin along the fourth rank.} ({
In practice the unpinning move} 10. Qf4 {has worked out well but mainly
because of Black's inaccurate play.} h6 $6 ({Not a dveloping move, the same as
} 10... Qxc2 $6 11. Ng5 Qf5 12. Qxf5 exf5 13. dxc5 bxc5 14. Be3 c4 15. O-O-O
Be6 16. Bxc4 $16 {Butkiewicz,L (2430)-Bednarek,S (2333) Mrzezyno 2011 (½-½,
42). The point is that} dxc4 17. Rd8+ Ke7 18. Rhd1 $18 {leaves Black with both
(!!) wings undeveloped for instance} Bd7 19. R1xd7+ Nxd7 20. Rxa8) (10... c4 {
is more solid, preventing dxc5, but it also looks like a slight concession.
Still, after} 11. Ng5 Qe8 {the whole fight lies ahead.}) ({Abstractly I prefer
the developing} 10... Ne7 {for if} 11. dxc5 Qxc2 $13 {[%cal Gc2f5]}) 11. dxc5
Qxf4 12. Bxf4 bxc5 13. Be3 c4 14. Bc5+ Ke8 15. Nd4 Na6 16. Bd6 $14 {½-½ (22)
Kim,A (2460)-Szwed,J (2369) Marianske Lazne 2016}) 10... Ne7 $1 $14 {Black
tries catching up in development in the 25th hour.} (10... cxd4 $2 11. Bb4+ Ne7
12. cxd5 $18) (10... dxc4 $2 11. dxc5 $16) 11. Bd3 $1 {Same policy for White.
This is a particular case with central tension when at least in the beginning
it is best for both sides to avoid releasing it.} (11. cxd5 exd5 {[%csl Ge6]
[%cal Gc8f5] simplifies Black's play by clearing space for his minor pieces.}
12. Qf4 Nbc6 13. c3 h6 14. Be2 Nd8 $5 (14... Kg8 15. O-O Bf5 {also looks fine})
15. O-O Ne6 16. Qe3 Ba6 {with normal play for Black.}) (11. dxc5 {may run into}
b5 $5 12. Qf4 bxc4 13. Ng5 Qe8 $13 {In the long run the c5-pawn is doomed and
White does not have enough development for starting an effective attack.})
11... dxc4 $6 {deviating from the principle mentioned above.} (11... Ba6 $5 12.
O-O Bxc4 13. dxc5 Nbc6 (13... bxc5 14. Bxc4 Nd7 15. Rab1 $14) 14. cxb6 axb6 15.
Rab1 b5 16. Bb4 $14) 12. dxc5 (12. Be4 Nbc6 13. O-O $16 {looks slightly
stronger as Black would not have a clear way of neutralising White's minor
piece activity. After the game move Black will get another chance of keeping
his disadvantage within tolerable limits.}) 12... bxc5 $6 {Once again failing
to keep the tension with a developing move.} (12... Nd7 $5 13. cxb6 axb6 (13...
Nxb6 {defends c4 but leaves the back rank vulnerable. The difference with
respect to the next line is felt after} 14. Be4 $16 c3 15. Bg5 Ng6 {with ...
axb6 instead of ...Nxb6 this would already be better for Black due to the pin
along the fourth rank but here White has either the simple 16.Rd1 followed by
Rd4 or the stronger} 16. Nd4 $18 {based on} Qxd4 17. Rd1 f5 18. exf6 Qe5 19.
fxg7+ Kxg7 20. Be3 {[%csl Ga8,Re5,Rg7][%cal Re3d4,Ge3b6]}) 14. Qxc4 (14. Be4 $6
{does not work out so well now:} c3 15. Bxc3 Nd5 16. Bd4 Ba6 17. Bxd5 Qa5+ 18.
Nd2 Qxd5 $44) 14... Qxc4 15. Bxc4 Bb7 $14 {Black is a pawn down but at least
his position looks normal strategically.}) 13. Ng5 $1 {[%csl Ra8,Rf7][%cal
Gg4f3] The start of a decisive attack.} h6 14. Nh7+ Rxh7 (14... Kg8 15. Bxh6
Ng6 16. Bxg6 fxg6 17. Nf6+ Kf7 18. Qf3 $18 {[%csl Ga8,Gf7]}) 15. Bxh7 Bb7 16.
O-O {White has won an exchange and his attacking chances are intact. The rest
is a mere formality even for a lesser player than Caruana.} Nbc6 $6 ({It makes
more sense to defend the d-file with} 16... Bd5 {After the game move the
bishop will be passive and exposed.}) 17. Rab1 Ba6 18. Be3 Qa5 19. Rfd1 Nxe5
20. Qg3 f6 (20... N5c6 21. Rd7 $5) (20... N7c6 21. f4 $5) 21. Rd6 Bc8 22. Rbd1
Nd5 23. Bf4 Rb8 (23... Nxf4 24. Rd8+) (23... Nf7 {and} 24. R6xd5 exd5 25. Bd6+
{lead to a mating attack.}) 24. Bxe5 fxe5 25. Qxe5 Qd2 {This looks like some
sort of spite check before resigning. Still, it would have been more elegant
to do it a few moves earlier.} 26. Rd8+ Kf7 27. Bg8+ Kg6 28. Qe4+ Kf6 29. Qf3+
1-0